Новый кулачково-винтовой механический пресс. Исследование и анализ: монография

Bibliografische gegevens
Hoofdauteur: Аскаров Е. С. Ерлан Сейткасымович
Samenvatting:В монографии рассмотрена конструкция оригинального кулачково-винтового механического пресса, на техническое решение имеется патент на изобретение РК № 2627. Предлагаемый механический пресс имеет 10 преимуществ перед широко применяемым в производстве кривошипным прессом, в частности имеет КПД в два раза больше, нет одной муфты, уменьшена высота, упрощена конструкция, уменьшена стоимость, повы­шена надежность и т.д. Область применения нового пресса превышает область применения кривошипного пресса. Новый пресс может работать как обычный пресс для прессовки, штамповки, резки, как листогиб и пресс- автомат. Но он имея равномерный ход ползуна, может заменить гидравлический пресс при длиноходовой прессовке деталей, причем производительность нового пресса выше. Монография предназначена специалистов в области обработки ме­таллов давлением, но она может быть полезна всем кто интересуется вопросами машиностроения.
Taal:Russisch
Gepubliceerd in: Алматы, Экономика, 2016
Onderwerpen:
Formaat: MixedMaterials Boek
KOHA link:https://koha.lib.tpu.ru/cgi-bin/koha/opac-detail.pl?biblionumber=327297

MARC

LEADER 00000nam0a2200000 4500
001 327297
005 20231102003939.0
010 |a 9786012258585 
035 |a (RuTPU)RU\TPU\book\352957 
090 |a 327297 
100 |a 20170127d2016 k y0rusy50 ca 
101 0 |a rus 
102 |a KZ 
105 |a a z 001zy 
200 1 |a Новый кулачково-винтовой механический пресс. Исследование и анализ  |e монография  |f Е. С. Аскаров 
210 |a Алматы  |c Экономика  |d 2016 
215 |a 58 с.  |c ил. 
320 |a Библиогр.: с. 55-56 
330 |a В монографии рассмотрена конструкция оригинального кулачково-винтового механического пресса, на техническое решение имеется патент на изобретение РК № 2627. Предлагаемый механический пресс имеет 10 преимуществ перед широко применяемым в производстве кривошипным прессом, в частности имеет КПД в два раза больше, нет одной муфты, уменьшена высота, упрощена конструкция, уменьшена стоимость, повы­шена надежность и т.д. Область применения нового пресса превышает область применения кривошипного пресса. Новый пресс может работать как обычный пресс для прессовки, штамповки, резки, как листогиб и пресс- автомат. Но он имея равномерный ход ползуна, может заменить гидравлический пресс при длиноходовой прессовке деталей, причем производительность нового пресса выше. Монография предназначена специалистов в области обработки ме­таллов давлением, но она может быть полезна всем кто интересуется вопросами машиностроения. 
606 1 |a Прессы винтовые  |2 stltpush  |3 (RuTPU)RU\TPU\subj\51431  |9 70026 
610 1 |a металлы 
610 1 |a обработка 
610 1 |a механические прессы 
610 1 |a кулачково-винтовые механизмы 
610 1 |a проектирование 
610 1 |a монографии 
675 |a 621.979.1  |v 4 
700 1 |a Аскаров  |b Е. С.  |g Ерлан Сейткасымович 
801 1 |a RU  |b 63413507  |c 20170127 
801 2 |a RU  |b 63413507  |c 20220809  |g RCR 
942 |c BK